banner koha

Proyecto procesamiento del cerdo [suino, desenvolvimento industrial, mercado, Tegucigalpa, Honduras] (Registro n. 14918)

MARC details
000 -LÍDER
campo de controle de tamanho fixo 01435nam a22004337a 4500
001 - NÚMERO DE CONTROLE
campo de controle BR7100951
003 - IDENTIFICADOR DO NÚMERO DE CONTROLE
campo de controle BR-BrBNA
005 - DATA E HORÁRIO DA ÚLTIMA TRANSAÇÃO
campo de controle 20230928083720.0
007 - CAMPO FIXO DE DESCRIÇÃO FÍSICA--INFORMAÇÃO GERAL
campo de controle de tamanho fixo ta
008 - CAMPO DE DADOS FIXOS--INFORMAÇÃO GERAL
campo de controle de tamanho fixo 230509b bl.||||| |||| 00| 0 por d
040 ## - FONTE DA CATALOGAÇÃO
Instituição da catalogação original BR-BrBNA
Idioma da catalogação por
Instituição que transcreveu o registro Biblioteca Nacional de Agricultura
041 ## - CÓDIGO DE IDIOMA
Código do idioma do texto/trilha sonora ou título diferente (Spa)
072 ## - CÓDIGO DE CATEGORIA DE ASSUNTO
Código de Categoria de Assunto Q10; E30; L00
Código do objeto 5300
-- 9704
-- /G358
090 ## - NÚMERO DE CHAMADA LOCAL
-- 5300 BR7100951
100 1# - ENTRADA PRINCIPAL--NOME PESSOAL
Nome pessoal Lainez, V.E.
100 1# - ENTRADA PRINCIPAL--NOME PESSOAL
Nome pessoal Duarte, G.O.
100 1# - ENTRADA PRINCIPAL--NOME PESSOAL
Nome pessoal Galeas, J.H.
100 1# - ENTRADA PRINCIPAL--NOME PESSOAL
Nome pessoal Lanza, A.R.
100 1# - ENTRADA PRINCIPAL--NOME PESSOAL
Nome pessoal Carcamo, S.R.
100 1# - ENTRADA PRINCIPAL--NOME PESSOAL
Nome pessoal Tejada, O.C.
110 1# - ENTRADA PRINCIPAL--NOME CORPORATIVO
Nome corporativo ou nome da jurisdição Centro de Treinamento em Desenvolvimento Economico, Fortaleza, CE (Brasil)
9 (RLIN) 1678
245 1# - TÍTULO
Título Proyecto procesamiento del cerdo [suino, desenvolvimento industrial, mercado, Tegucigalpa, Honduras]
Restante do título 1. Curso Nacional de Elaboracao e Avaliacao de Projetos
260 3# - PUBLICAÇÃO, DISTRIBUIÇÃO, ETC.
Local de publicação, distribuição, etc. Fortaleza, CE (Brasil):
Data da publicação, distribuição, etc. [nd].
300 ## - DESCRIÇÃO FÍSICA
Extensão 134 p.
500 ## - NOTA GERAL
Nota geral Summary (Spa); 24 tables; Published 1970? (*) Documento disponível na(o) Centro de Treinamento em Desenvolvimento Economico, Fortaleza, CE (Brazil)
650 ## - ASSUNTO--TERMO TÓPICO
Cabeçalho tópico ou nome geográfico PROJETO INDUSTRIAL
650 ## - ASSUNTO--TERMO TÓPICO
Cabeçalho tópico ou nome geográfico INDUSTRIA ALIMENTICIA
650 ## - ASSUNTO--TERMO TÓPICO
Cabeçalho tópico ou nome geográfico SUINO
650 ## - ASSUNTO--TERMO TÓPICO
Cabeçalho tópico ou nome geográfico MORTADELA
650 ## - ASSUNTO--TERMO TÓPICO
Cabeçalho tópico ou nome geográfico SALSICHA
650 ## - ASSUNTO--TERMO TÓPICO
Cabeçalho tópico ou nome geográfico MERCADO
650 ## - ASSUNTO--TERMO TÓPICO
Cabeçalho tópico ou nome geográfico COMERCIALIZACAO
650 ## - ASSUNTO--TERMO TÓPICO
Cabeçalho tópico ou nome geográfico MECANIZACAO INDUSTRIAL
650 ## - ASSUNTO--TERMO TÓPICO
Cabeçalho tópico ou nome geográfico CUSTO DE PRODUCAO
650 ## - ASSUNTO--TERMO TÓPICO
Cabeçalho tópico ou nome geográfico FINANCIAMENTO
650 ## - ASSUNTO--TERMO TÓPICO
Cabeçalho tópico ou nome geográfico HONDURAS
909 ## -
-- 202309
-- Lucia
-- 55
-- Lucia Elande
942 ## - ELEMENTOS DE ENTRADA ADICIONADOS (KOHA)
Tipo de material Koha Livros
Exemplares
Situação do descarte Fonte da classificação ou esquema de arquivamento na estante Situação física Não pode ser emprestado Biblioteca de origem Biblioteca atual Total de empréstimos Data de último acesso Número do exemplar Tipo de material Koha Nota pública Situação das perdas Data de aquisição Fonte de aquisição Qualificador de local codificado Custo, preço normal de compra Número do inventário Custo, preço de reposição Preço efetivo de
  Classificação AGRIS   INDISPONÍVEL Centro Cooperante Centro Cooperante   25/09/2023 01 Livros Summary (Spa); 24 tables; Published 1970? (*) Documento disponível na(o) Centro de Treinamento em Desenvolvimento Economico, Fortaleza, CE (Brazil) Em falta   P          

BINAGRI

Telefone: (61)3218-2567/2388/3357/2097 - binagri@agro.gov.br

Ministério da Agricultura e Pecuária , Esplanada dos Ministérios, Bloco D, Anexo B, Brasília/DF, CEP: 70.043-900